Poetry of T. S. Eliot (Record no. 4510)

MARC details
000 -LEADER
fixed length control field 00427cam a2200169ua 4500
008 - FIXED-LENGTH DATA ELEMENTS--GENERAL INFORMATION
fixed length control field 120812n |||gr||||Z||||||eng
040 ## - CATALOGING SOURCE
Transcribing agency MAIN
082 ## - DEWEY DECIMAL CLASSIFICATION NUMBER
Classification number 821
100 12 - MAIN ENTRY--PERSONAL NAME
Personal name Maxwell, D.E.S.,
Relator term
245 11 - TITLE STATEMENT
Title Poetry of T. S. Eliot
Statement of responsibility, etc. by D.E.S. Maxwell
250 ## - EDITION STATEMENT
Edition statement 1st.
260 ## - PUBLICATION, DISTRIBUTION, ETC.
Place of publication, distribution, etc. Broadway:
Name of publisher, distributor, etc. Routledge and kegan paul,
Date of publication, distribution, etc. 1966.
300 ## - PHYSICAL DESCRIPTION
Extent vii;223p,:
Dimensions 25cm.
942 ## - ADDED ENTRY ELEMENTS (KOHA)
Koha item type Books
653 ## - INDEX TERM--UNCONTROLLED
Uncontrolled term English poetry
Holdings
Withdrawn status Lost status Damaged status Not for loan Home library Current library Shelving location Date acquired Total Checkouts Full call number Barcode Date last seen Copy number Price effective from Koha item type
        Naharkatiya College Library Naharkatiya College Library General Stacks 19/09/2020   821 | MAX 6224 19/09/2020 1 19/09/2020 Books

Naharkatiya College © 2020. All rights reserved.

Powered By